|
|
|
|
| LEADER |
01091nam a2200289 u 4500 |
| 001 |
10117084 |
| 003 |
upatras |
| 005 |
20210117205517.0 |
| 008 |
150728s1976 us eng |
| 020 |
|
|
|a 0442224346
|
| 040 |
|
|
|a GR-PaULI
|c GR-PaULI
|
| 041 |
0 |
|
|a eng
|
| 082 |
0 |
4 |
|a 621.381 952
|
| 245 |
1 |
0 |
|a Computer architecture
|c Caxton C. Foster
|
| 250 |
|
|
|a 2nd ed.
|
| 260 |
|
|
|a New York
|b Van Nostrand Reinhold
|c 1976
|
| 300 |
|
|
|a xvii, 300 σ.
|c 25 εκ.
|
| 490 |
1 |
|
|a Computer science series
|
| 504 |
|
|
|a Περιέχει βιβλιογραφία
|
| 650 |
|
4 |
|9 1545
|a Αρχιτεκτονική ηλεκτρονικών υπολογιστών
|
| 700 |
1 |
|
|a Foster, Caxton C.
|4 aut
|9 115784
|
| 760 |
1 |
|
|a Computer science series
|
| 852 |
|
|
|a GR-PaULI
|b ΠΑΤΡΑ
|b ΒΚΠ
|b ΒΣ1
|k ΑΣΧΞ
|h 621.381 952 FOS
|m 04485
|p 025000233260
|t 1
|
| 942 |
|
|
|2 ddc
|c BK15
|
| 952 |
|
|
|0 0
|1 0
|4 0
|6 621_381000000000000_952_FOS
|7 0
|9 182232
|a LISP
|b LISP
|c BSC
|d 2016-04-24
|i 04485
|l 0
|o 621.381 952 FOS
|p 025000233260
|r 2016-04-24 00:00:00
|t 1
|w 2016-04-24
|y BK15
|
| 998 |
|
|
|c ΜΠΟΥΡΑΣ
|d 2015-07
|
| 999 |
|
|
|c 112517
|d 112517
|